| 000 | 01845nam0a2200349 4500 | ||
|---|---|---|---|
| 001 | RU\NLR\BIBL_A\012062656 | ||
| 005 | 20191001145134.0 | ||
| 010 |
_a978-5-905351-81-5 _975 |
||
| 021 |
_aRU _bКН-П-19-047666 _9КН-П-19-3471 |
||
| 035 | _a(NLR Aleph) 012062656 | ||
| 035 | _a(RuMoRGB)010023509 | ||
| 090 |
_a11714007 _c11714007 |
||
| 100 | _a20190724d2019 u y0rusy50 ca | ||
| 101 | 0 | _arus | |
| 102 | _aRU | ||
| 105 | _aac||zzzz000zy | ||
| 200 | 1 |
_aМонтажники Среднего Урала _eисторико-документальная повесть _fВ. И. Хачин |
|
| 210 |
_aЕкатеринбург _cПиджаков А. В. _d2019 |
||
| 215 |
_a552 с. _cил., цв. ил., портр. _d30 |
||
| 320 | _aБиблиогр.: с. 550-552 (53 азв.) | ||
| 601 | 0 | 2 |
_aГосударственная академия повышения квалификации и переподготовки кадров для строительства и жилищно-коммунального комплекса России _cМосква, город _2nlr_sh2 _3RU\NLR\AUTH\661597041 |
| 601 | 0 | 2 |
_aЕкатеринбургский монтажный колледж _2nlr_sh2 _3RU\NLR\AUTH\6601661305 |
| 606 | 1 |
_aСтроительные организации _yСвердловская область _2nlr_sh2 _3RU\NLR\AUTH\6601661113 |
|
| 686 | 1 | _aУ31(2)110.92(2Р-4Св) | |
| 686 | 1 | _aЧ488.758.4(2)7 | |
| 700 | 1 |
_aХачин _bВ. И. |
|
| 942 | _cBOOK | ||
| 980 | _aNBR | ||
| 980 | _aNB | ||